Exposición de las Exportaciones y Clasificación del Grado Evolutivo de las Empresas Exportadoras en Guadalajara /
Bewaard in:
| Hoofdauteur: | |
|---|---|
| Andere auteurs: | , |
| Formaat: | Thesis Boek |
| Taal: | Spaans |
| Gepubliceerd in: |
Guadalajara, México :
edición de autor,
1973
|
| Onderwerpen: | |
| Tags: |
Geen labels, Wees de eerste die dit record labelt!
|
MARC
| LEADER | 00000nam^a2200000^a^4500 | ||
|---|---|---|---|
| 001 | 000044275 | ||
| 005 | 20250521000000.0 | ||
| 009 | 20260310085844.706 | ||
| 037 | |a Acervo ITESO - Biblioteca | ||
| 041 | |a ESP | ||
| 090 | |a LAE. 12 | ||
| 100 | |a Villa García, Roberto Alejandro |e (autor) | ||
| 245 | 1 | 0 | |a Exposición de las Exportaciones y Clasificación del Grado Evolutivo de las Empresas Exportadoras en Guadalajara / |c R.A. Villa García, R.A. Aguila y Brizuela, A.T. Ascencio Jiménez. |
| 264 | 1 | |a Guadalajara, México : |b edición de autor, |c 1973 | |
| 300 | |a 169 p. | ||
| 336 | |a texto |b txt |2 rdacontenido | ||
| 337 | |a sin mediación |b n |2 rdamedio | ||
| 338 | |a volumen |b nc |2 rdasoporte | ||
| 502 | |a ITESO Tesis de Licenciatura en Administración de Empresas | ||
| 649 | |a XX | ||
| 650 | |a Ciencias Administrativas | ||
| 650 | |a Empresas Exportadoras - |z Guadalajara, Jalisco | ||
| 650 | |a Comercio Exterior | ||
| 650 | |a Exportaciones - |z Guadalajara, Jalisco | ||
| 700 | |a Aguila y Brizuela, Rafael Antonio |e (autor) | ||
| 700 | |a Ascencio Jiménez, Alejandro Tarcicio |e (autor) | ||
| 910 | |a Fondo General | ||
| 920 | |a Impresos - Tesis del ITESO | ||
| 930 | |a Colección General | ||
| 905 | |a 104 | ||
| 901 | |a T010340100 |b IT2 |c TSS |i 801034 |u 20250521 | ||
| 902 | |a https://opac.biblio.iteso.mx/vufind/Record/000044275 | ||